[Event "Sydney NSW op"]
[Site "Sydney"]
[Date "2025.06.07"]
[Round "2"]
[White "Cheok, Oliver"]
[Black "Tang, Terrence"]
[Result "0-1"]
[WhiteElo "1897"]
[BlackElo "2143"]
[PlyCount "118"]
[EventDate "2025.06.06"]
[EventType "swiss"]
[EventRounds "7"]
[EventCountry "AUS"]
[SourceTitle "CB24_2025"]
[SourceDate "2025.06.11"]
[SourceVersion "1"]
[SourceVersionDate "2025.06.11"]
[SourceQuality "1"]

1. b3 Nf6 2. Bb2 g6 3. Bxf6 exf6 4. c4 d5 5. cxd5 Qxd5 6. Nc3 Qa5 7. g3 Bb4 8. Qc2 0-0 9. Bg2 c6 10. a3 Bxc3 11. Qxc3 Qxc3 12. dxc3 Be6 13. b4 a5 14. Nf3 axb4 15. cxb4 Bc4 16. Nd2 Bb5 17. Ne4 Na6 18. 0-0 Rfd8 19. Nxf6+ Kg7 20. Ne4 Bxe2 21. Rfe1 Bc4 22. Red1 Bd3 23. Rac1 Bxe4 24. Bxe4 Nc7 25. Kf1 Rxd1+ 26. Rxd1 Rxa3 27. Rd7 Nb5 28. Bd3 Ra1+ 29. Ke2 Ra4 30. Bxb5 cxb5 31. Rd4 Kf6 32. Ke3 Ra3+ 33. Ke4 Ke6 34. h4 Rc3 35. g4 h6 36. f3 f6 37. h5 gxh5 38. gxh5 b6 39. Kf4 Rc4 40. Re4+ Kf7 41. Kf5 Rc3 42. Kf4 Rd3 43. Re2 Rd4+ 44. Re4 Rd5 45. Ke3 Rxh5 46. Kd4 Rf5 47. f4 h5 48. Ke3 Rd5 49. Ke2 Rd7 50. Kf2 Rd3 51. Ke2 Rc3 52. f5 Rc4 53. Re6 Rf4 54. Rxb6 Rxf5 55. Rb7+ Kg6 56. Rb8 h4 57. Rh8 Rh5 58. Rg8+ Kf7 59. Rg1 h3 0-1

[Event "Sydney op"]
[Site "Sydney"]
[Date "2025.04.27"]
[Round "8"]
[White "Tang, Terrence"]
[Black "Rej, Tomek"]
[Result "0-1"]
[WhiteElo "2116"]
[BlackElo "2247"]
[PlyCount "98"]
[EventDate "2025.04.23"]
[EventType "swiss"]
[EventRounds "9"]
[EventCountry "AUS"]
[SourceTitle "CB18_2025"]
[SourceDate "2025.04.30"]
[SourceVersion "1"]
[SourceVersionDate "2025.04.30"]
[SourceQuality "1"]

1. e4 e5 2. Nf3 Nc6 3. Bc4 Bc5 4. d3 Nf6 5. 0-0 d6 6. a4 a6 7. Be3 Qe7 8. c3 Bxe3 9. fxe3 Be6 10. Bxe6 fxe6 11. Nbd2 0-0 12. a5 Kh8 13. d4 d5 14. Qc2 Rad8 15. Rfe1 Qf7 16. exd5 exd5 17. Nxe5 Nxe5 18. dxe5 Ng4 19. Nf3 Qh5 20. e6 Rde8 21. h3 Ne5 22. Nxe5 Qxe5 23. e4 Rxe6 24. exd5 Qxd5 25. Rxe6 Qxe6 26. Qd3 h6 27. Rd1 Kg8 28. Qd5 Qxd5 29. Rxd5 Rf7 30. Kh2 c6 31. Rd6 Kf8 32. Kg3 Ke7 33. Rd4 Ke6 34. Rb4 Kd6 35. Kg4 g6 36. g3 Ke6 37. h4 Rf5 38. Rxb7 h5+ 39. Kh3 Rxa5 40. Rg7 Kf5 41. Rc7 Rc5 42. Rf7+ Ke6 43. Rg7 Kf5 44. Rf7+ Ke6 45. Ra7 a5 46. g4 hxg4+ 47. Kxg4 Rb5 48. Ra6 Kd6 49. Kf4 Kc7 0-1

[Event "Titled Tuesday intern op 01st Apr Early"]
[Site "Chess.com INT"]
[Date "2025.04.01"]
[Round "7"]
[White "Herpai, Jozsef Matyas"]
[Black "Tang, Terrence"]
[Result "1/2-1/2"]
[WhiteElo "2056"]
[BlackElo "2068"]
[PlyCount "95"]
[EventDate "2025.04.01"]
[EventType "swiss (blitz)"]
[EventRounds "11"]
[EventCountry "USA"]
[SourceTitle "CB15_2025"]
[SourceDate "2025.04.09"]
[SourceVersion "1"]
[SourceVersionDate "2025.04.09"]
[SourceQuality "1"]

1. e4 c5 2. Nf3 Nc6 3. d4 cxd4 4. Nxd4 Nf6 5. Nc3 e6 6. Be2 Bb4 7. 0-0 Bxc3 8. bxc3 Nxe4 9. Nxc6 dxc6 10. Bd3 Nf6 11. Ba3 b6 12. Qf3 Bb7 13. Qg3 c5 14. Bb5+ Kf8 15. Rad1 Qe7 16. f3 g6 17. c4 Kg7 18. Bb2 Rhd8 19. Qe5 a6 20. Ba4 b5 21. cxb5 axb5 22. Bxb5 Rxa2 23. Bc4 Rxb2 24. Qxb2 Bd5 25. Bxd5 exd5 26. Rfe1 Qd6 27. Qe5 d4 28. Kf2 h5 29. Qxd6 Rxd6 30. Re5 Nd5 31. g3 f6 32. Re8 Kf7 33. Rc8 Ne3 34. Rd2 c4 35. Rc7+ Ke6 36. Rc8 c3 37. Re2 Kd7 38. Rg8 g5 39. Rf8 Ke7 40. Rh8 Kf7 41. Rxh5 Kg6 42. Rh8 Nf5 43. Rb8 Ne3 44. Rc8 Nd1+ 45. Kf1 Ne3+ 46. Kf2 Nd5 47. Rb8 Ne3 48. Rc8 1/2-1/2

[Event "Titled Tuesday intern op 25th Mar Early"]
[Site "Chess.com INT"]
[Date "2025.03.25"]
[Round "1"]
[White "Tang, Terrence"]
[Black "Makarian, Rudik"]
[Result "0-1"]
[WhiteElo "2068"]
[BlackElo "2547"]
[PlyCount "130"]
[EventDate "2025.03.25"]
[EventType "swiss (blitz)"]
[EventRounds "11"]
[EventCountry "USA"]
[SourceTitle "CB14_2025"]
[SourceDate "2024.11.01"]
[SourceVersion "1"]
[SourceVersionDate "2024.11.01"]
[SourceQuality "1"]

1. e4 e5 2. Nf3 Nc6 3. Bc4 Nf6 4. d3 Be7 5. 0-0 0-0 6. Nc3 d6 7. h3 Na5 8. Bb3 Nxb3 9. axb3 h6 10. Re1 Re8 11. Ne2 Bf8 12. Ng3 c5 13. Bd2 b6 14. b4 g6 15. bxc5 dxc5 16. Qc1 Kh7 17. b3 a5 18. Qb2 Nd7 19. Bc3 Bg7 20. Nf1 Bb7 21. Ne3 f6 22. Qc1 Nf8 23. Bd2 Ne6 24. Ng4 h5 25. Ne3 Nd4 26. Nxd4 exd4 27. Nc4 Bc8 28. Bf4 Be6 29. Nd6 Re7 30. Nb5 Rc8 31. Nd6 Rc6 32. Nb5 Qd7 33. Qd2 Bf7 34. Re2 Rce6 35. Na3 Qc6 36. Rae1 Ra7 37. e5 b5 38. exf6 Rxe2 39. Rxe2 Bxf6 40. Bg5 Bg7 41. Qf4 Bd5 42. f3 Rf7 43. Qg3 a4 44. bxa4 bxa4 45. Re7 Rxe7 46. Bxe7 c4 47. Qd6 Qxd6 48. Bxd6 c3 49. Bc5 Bc6 50. Kf2 Be5 51. g3 g5 52. f4 gxf4 53. gxf4 Bf6 54. Kg3 Kg6 55. Nc4 Bb5 56. Nd6 Bxd3 57. cxd3 Be7 58. Ba3 c2 59. f5+ Kh7 60. f6 Bxd6+ 61. Bxd6 c1Q 62. f7 Qg1+ 63. Kh4 Qf2+ 64. Kxh5 Qxf7+ 65. Kg5 Qg6+ 0-1

[Event "Titled Tuesday intern op 24th Sep Early"]
[Site "Chess.com INT"]
[Date "2024.09.24"]
[Round "5"]
[White "Rajanya, Datta"]
[Black "Tang, Terrence"]
[Result "0-1"]
[WhiteElo "1812"]
[BlackElo "2106"]
[PlyCount "86"]
[EventDate "2024.09.24"]
[EventType "swiss (blitz)"]
[EventRounds "11"]
[EventCountry "USA"]
[SourceTitle "EXT 2025"]
[Source "ChessBase"]
[SourceDate "2024.10.14"]
[SourceVersion "1"]
[SourceVersionDate "2024.10.14"]
[SourceQuality "1"]

1. e4 c5 2. Nc3 Nc6 3. Nf3 e6 4. d4 cxd4 5. Nxd4 Nf6 6. Be3 Bb4 7. Bd3 Qa5 8. Qd2 d5 9. exd5 Nxd5 10. Nde2 Nxe3 11. Qxe3 Bc5 12. Qg3 0-0 13. 0-0 e5 14. Ne4 Be7 15. N2c3 Be6 16. Ng5 Bxg5 17. Qxg5 Qb6 18. Qh4 g6 19. Ne4 Qd8 20. Qh6 f6 21. f4 Bf5 22. fxe5 Bxe4 23. Bxe4 Qd4+ 24. Kh1 Qxe4 25. exf6 Rf7 26. Rae1 Qd4 27. Re6 Raf8 28. Rfe1 Qd5 29. Re7 Qh5 30. Qxh5 gxh5 31. Rxf7 Kxf7 32. h4 Re8 33. Rxe8 Kxe8 34. Kh2 Kf7 35. Kg3 Kxf6 36. Kf4 Nd4 37. c3 Ne6+ 38. Ke4 Nc5+ 39. Kd5 Ne6 40. Kd6 Nf4 41. g3 Ne2 42. g4 hxg4 43. h5 g3 0-1

[Event "Titled Tuesday intern op 24th Sep Early"]
[Site "Chess.com INT"]
[Date "2024.09.24"]
[Round "2"]
[White "Shandrygin, Nikita"]
[Black "Tang, Terrence"]
[Result "1-0"]
[WhiteElo "2209"]
[BlackElo "2106"]
[PlyCount "151"]
[EventDate "2024.09.24"]
[EventType "swiss (blitz)"]
[EventRounds "11"]
[EventCountry "USA"]
[SourceTitle "EXT 2025"]
[Source "ChessBase"]
[SourceDate "2024.10.14"]
[SourceVersion "1"]
[SourceVersionDate "2024.10.14"]
[SourceQuality "1"]

1. e4 c5 2. Nf3 Nc6 3. d4 cxd4 4. Nxd4 Nf6 5. Nc3 e6 6. Nxc6 bxc6 7. e5 Nd5 8. Ne4 Qc7 9. f4 Qb6 10. c4 Bb4+ 11. Ke2 f5 12. Nf2 Nc7 13. Be3 Bc5 14. Bxc5 Qxc5 15. Qd6 Qb6 16. b3 c5 17. Rd1 h6 18. g3 Qxd6 19. exd6 Na6 20. Bg2 Rb8 21. Nd3 Bb7 22. Bxb7 Rxb7 23. Rd2 Kf7 24. Kf3 Kf6 25. h4 Rc8 26. Ne5 Nb4 27. g4 fxg4+ 28. Nxg4+ Kf7 29. Ne5+ Kf8 30. Rg1 Nc6 31. Ke4 Nxe5 32. fxe5 Kf7 33. Rf2+ Kg8 34. Rfg2 Rf8 35. Rxg7+ Kh8 36. Re7 Rg8 37. Rxg8+ Kxg8 38. Kf4 a5 39. Re8+ Kg7 40. Ra8 a4 41. Rxa4 Rb8 42. Ra7 Rf8+ 43. Ke4 Rf7 44. Rc7 Kg6 45. Rxc5 Kh5 46. a4 Kxh4 47. a5 Kg4 48. a6 Rf8 49. b4 h5 50. Ra5 h4 51. a7 Ra8 52. b5 h3 53. b6 h2 54. Ra1 Kg3 55. c5 Rf8 56. b7 Rf4+ 57. Ke3 Rf3+ 58. Kd4 Rf4+ 59. Kc3 Rf3+ 60. Kb4 Rf4+ 61. Kb5 Rf2 62. Kb6 Rb2+ 63. Kc7 Ra2 64. Rxa2 h1Q 65. b8Q Qc6+ 66. Kd8 Qd5 67. Ra3+ Kf4 68. Qb4+ Kf5 69. Rg3 Kxe5 70. Rg5+ Kf6 71. Rxd5 exd5 72. a8Q Ke6 73. Qaa3 Kf6 74. Qf3+ Kg6 75. Qbg4+ Kh6 76. Qfh3# 1-0

[Event "Titled Tuesday intern op 24th Sep Early"]
[Site "Chess.com INT"]
[Date "2024.09.24"]
[Round "10"]
[White "Tang, Terrence"]
[Black "Sadovsky, Artem"]
[Result "0-1"]
[WhiteElo "2106"]
[BlackElo "2276"]
[PlyCount "72"]
[EventDate "2024.09.24"]
[EventType "swiss (blitz)"]
[EventRounds "11"]
[EventCountry "USA"]
[SourceTitle "EXT 2025"]
[Source "ChessBase"]
[SourceDate "2024.10.14"]
[SourceVersion "1"]
[SourceVersionDate "2024.10.14"]
[SourceQuality "1"]

1. e4 g6 2. d4 Bg7 3. Nf3 d6 4. Be2 e5 5. Be3 Nc6 6. c3 Bg4 7. d5 Nce7 8. h3 Bd7 9. c4 f5 10. Nc3 Nf6 11. Qc2 0-0 12. Bg5 h6 13. Bxf6 Rxf6 14. 0-0 f4 15. Nh2 h5 16. b4 a5 17. a3 Kh7 18. c5 Be8 19. Nf3 Bh6 20. Nh2 g5 21. f3 Ng6 22. Kh1 Bf8 23. cxd6 Bxd6 24. Nb5 Bxb5 25. Bxb5 axb4 26. axb4 Rxa1 27. Rxa1 Bxb4 28. Rc1 Bd6 29. Bd3 Qb8 30. Rb1 Qa7 31. Qb2 Nh4 32. Qxb7 Qd4 33. Bf1 Bc5 34. Qxc7+ Kh6 35. Bb5 Qf2 36. Qxc5 Qxg2# 0-1

[Event "Titled Tuesday intern op 24th Sep Early"]
[Site "Chess.com INT"]
[Date "2024.09.24"]
[Round "4"]
[White "Tang, Terrence"]
[Black "Shuvalov, Evgenij"]
[Result "0-1"]
[WhiteElo "2106"]
[BlackElo "1993"]
[PlyCount "92"]
[EventDate "2024.09.24"]
[EventType "swiss (blitz)"]
[EventRounds "11"]
[EventCountry "USA"]
[SourceTitle "EXT 2025"]
[Source "ChessBase"]
[SourceDate "2024.10.14"]
[SourceVersion "1"]
[SourceVersionDate "2024.10.14"]
[SourceQuality "1"]

1. e4 e6 2. d4 d5 3. exd5 exd5 4. Nf3 Nf6 5. Bd3 c5 6. dxc5 Bxc5 7. 0-0 0-0 8. Nbd2 Nc6 9. Nb3 Bb6 10. h3 Qd6 11. c3 Bxh3 12. gxh3 Qg3+ 13. Kh1 Bxf2 14. Rxf2 Qxf2 15. Qf1 Qxf1+ 16. Bxf1 Rfe8 17. Bg5 Ne4 18. Kg2 Nxg5 19. Nxg5 Ne5 20. Nd4 g6 21. Ngf3 Nc4 22. Bxc4 dxc4 23. Rd1 Rad8 24. Kg3 f6 25. b3 cxb3 26. axb3 Re3 27. Rc1 Rc8 28. c4 a6 29. Kf4 Rce8 30. Kg3 Rd3 31. Kf2 Re4 32. Ne2 Rxb3 33. Rd1 Rb2 34. Rd8+ Kf7 35. Nfd4 Re7 36. Kf3 a5 37. Ra8 Ra2 38. Nf4 Ra3+ 39. Kf2 Re4 40. Nde2 Ra2 41. Ra7 Rxf4+ 42. Ke3 Rxc4 43. Rxb7+ Kg8 44. Nf4 Ra3+ 45. Nd3 Rcc3 46. Rd7 Rxd3+ 0-1

[Event "Titled Tuesday intern op 10th Sep Early"]
[Site "Chess,com INT"]
[Date "2024.09.10"]
[Round "9"]
[White "Baches Garcia, Guillermo"]
[Black "Tang, Terrence"]
[Result "1-0"]
[WhiteElo "2322"]
[BlackElo "2106"]
[PlyCount "63"]
[EventDate "2024.09.10"]
[EventType "swiss (blitz)"]
[EventRounds "11"]
[EventCountry "USA"]
[SourceTitle "EXT 2025"]
[Source "ChessBase"]
[SourceDate "2024.10.14"]
[SourceVersion "1"]
[SourceVersionDate "2024.10.14"]
[SourceQuality "1"]

1. d4 Nf6 2. c4 c6 3. Nc3 d5 4. Nf3 g6 5. e3 Bg7 6. Bd3 0-0 7. 0-0 Be6 8. b3 h6 9. Bb2 Nbd7 10. Qe2 Rc8 11. Rfd1 Qc7 12. Rac1 Qb8 13. h3 Rfd8 14. Rc2 Nf8 15. Rdc1 b6 16. Ne5 N6d7 17. f4 Nxe5 18. fxe5 f6 19. cxd5 cxd5 20. exf6 exf6 21. Ba6 Rc7 22. Ba3 Bf5 23. Bd3 Bxd3 24. Qxd3 Qb7 25. Bxf8 Rxf8 26. Qxg6 Re7 27. Qg3 f5 28. Ne2 Rfe8 29. Rc7 Qa6 30. Nf4 Qxa2 31. Rxe7 Rxe7 32. Rc8+ 1-0

[Event "Titled Tuesday intern op 10th Sep Early"]
[Site "Chess,com INT"]
[Date "2024.09.10"]
[Round "2"]
[White "Tang, Terrence"]
[Black "Barria Zuniga, Daniel"]
[Result "0-1"]
[WhiteElo "2106"]
[BlackElo "2341"]
[PlyCount "142"]
[EventDate "2024.09.10"]
[EventType "swiss (blitz)"]
[EventRounds "11"]
[EventCountry "USA"]
[SourceTitle "EXT 2025"]
[Source "ChessBase"]
[SourceDate "2024.10.14"]
[SourceVersion "1"]
[SourceVersionDate "2024.10.14"]
[SourceQuality "1"]

1. e4 c5 2. d3 Nc6 3. g3 Nf6 4. Bg2 d5 5. exd5 Nxd5 6. Ne2 e5 7. Nbc3 Be6 8. 0-0 Qd7 9. Be3 0-0-0 10. Nxd5 Bxd5 11. Bxd5 Qxd5 12. Nc3 Qe6 13. Ne4 b6 14. Ng5 Qd5 15. Qf3 Qxf3 16. Nxf3 f6 17. Rfe1 Be7 18. Kg2 Rhe8 19. Nd2 Bf8 20. a3 Kb7 21. Nc4 Rd7 22. f3 Rdd8 23. Bf2 Nd4 24. Bxd4 exd4 25. Kf2 b5 26. Nd2 a6 27. Rxe8 Rxe8 28. Re1 Rxe1 29. Kxe1 Kc6 30. Ke2 Kd5 31. b3 f5 32. f4 Be7 33. h4 g6 34. Nf3 c4 35. bxc4+ bxc4 36. a4 c3 37. Ne5 Bf6 38. Nd7 Bg7 39. Ke1 Kc6 40. Nb8+ Kb6 41. Kd1 Kb7 42. Nd7 Kc7 43. Nc5 Kb6 44. Nb3 Kc6 45. Kc1 Kd5 46. Kb1 Bf8 47. Ka2 Be7 48. Na5 h6 49. Nc4 g5 50. hxg5 hxg5 51. Ne5 gxf4 52. gxf4 Bd6 53. Ng6 Ke6 54. Kb3 Kf6 55. Nh4 Bxf4 56. Nf3 Be3 57. Kc4 f4 58. Nxd4 Bxd4 59. Kxd4 Kf5 60. Kxc3 Kg4 61. Kd2 Kg3 62. Ke1 Kg2 63. d4 f3 64. d5 f2+ 65. Kd2 f1Q 66. c3 Qf4+ 67. Kd3 Qxa4 68. c4 Qd7 69. Kd4 Kf3 70. c5 Kf4 71. d6 Qc6 0-1

[Event "Titled Tuesday intern op 10th Sep Early"]
[Site "Chess,com INT"]
[Date "2024.09.10"]
[Round "8"]
[White "Tang, Terrence"]
[Black "Hovakimyan, Vache"]
[Result "0-1"]
[WhiteElo "2106"]
[BlackElo "2247"]
[PlyCount "114"]
[EventDate "2024.09.10"]
[EventType "swiss (blitz)"]
[EventRounds "11"]
[EventCountry "USA"]
[SourceTitle "EXT 2025"]
[Source "ChessBase"]
[SourceDate "2024.10.14"]
[SourceVersion "1"]
[SourceVersionDate "2024.10.14"]
[SourceQuality "1"]

1. e4 e5 2. Nf3 Nc6 3. Bc4 Bc5 4. d4 Bxd4 5. Nxd4 Nxd4 6. Be3 Ne6 7. Bxe6 dxe6 8. Qxd8+ Kxd8 9. Nc3 Bd7 10. 0-0-0 Kc8 11. Rd2 Nf6 12. Rhd1 b6 13. f3 Bc6 14. b4 a6 15. a4 b5 16. a5 Kb7 17. g4 Ne8 18. Bc5 g5 19. Kb2 h5 20. Be7 hxg4 21. fxg4 Nd6 22. Bf6 Nc4+ 23. Ka2 Nxd2 24. Bxh8 Rxh8 25. Rxd2 Rh3 26. Kb2 Rf3 27. Re2 Rf4 28. h3 Rf3 29. Rh2 Re3 30. Rf2 Bxe4 31. Rxf7 Bd5 32. Rg7 Rxh3 33. Rxg5 Re3 34. Rh5 Bf3 35. Rh4 e4 36. g5 Re1 37. Rf4 Kc6 38. Rf6 Kd6 39. Rf4 Ke5 40. Rf7 Rg1 41. Rxc7 e3 42. Rc5+ Kd6 43. Rc8 e2 44. Nxe2 Bxe2 45. Ra8 Rxg5 46. Rxa6+ Kd5 47. Rb6 Bc4 48. a6 Rg8 49. a7 Ra8 50. Rb7 Kd6 51. Kc3 Kc6 52. Re7 Kb6 53. Kd4 Rxa7 54. Re8 Rd7+ 55. Kc3 Kc6 56. Rc8+ Kd6 57. Rf8 Ke5 0-1

[Event "Titled Tuesday intern op 10th Sep Early"]
[Site "Chess,com INT"]
[Date "2024.09.10"]
[Round "1"]
[White "Tang, Terrence"]
[Black "Rosh, Jain"]
[Result "0-1"]
[WhiteElo "2106"]
[BlackElo "2076"]
[PlyCount "90"]
[EventDate "2024.09.10"]
[EventType "swiss (blitz)"]
[EventRounds "11"]
[EventCountry "USA"]
[SourceTitle "EXT 2025"]
[Source "ChessBase"]
[SourceDate "2024.10.14"]
[SourceVersion "1"]
[SourceVersionDate "2024.10.14"]
[SourceQuality "1"]

1. e4 c5 2. d3 d6 3. g3 Nf6 4. Bg2 g6 5. f4 Bg7 6. Nf3 0-0 7. 0-0 Nc6 8. c3 Bg4 9. h3 Bxf3 10. Qxf3 e5 11. Be3 exf4 12. Bxf4 Qb6 13. Qf2 Ne5 14. Bxe5 dxe5 15. Na3 Nh5 16. Nc4 Qd8 17. Rad1 b6 18. Ne3 Qg5 19. Kh2 Rad8 20. Nd5 f5 21. h4 Qh6 22. exf5 gxf5 23. Ne7+ Kh8 24. Nxf5 Qg6 25. Be4 Nf6 26. Qe2 Qf7 27. Nxg7 Qxg7 28. Kh3 Rg8 29. Rg1 Qd7+ 30. Kh2 Rg7 31. Qf3 Ng4+ 32. Kh1 Rf7 33. Qg2 Rf2 34. Qh3 Rh2+ 35. Qxh2 Nxh2 36. Kxh2 Rf8 37. Rdf1 Rxf1 38. Rxf1 Qg4 39. Rf2 Kg7 40. Bf5 Qd1 41. Be4 Qe1 42. Kg2 c4 43. dxc4 Qxe4+ 44. Kh2 Qxc4 45. b3 Qxc3 0-1

[Event "Titled Tuesday intern op 10th Sep Early"]
[Site "Chess,com INT"]
[Date "2024.09.10"]
[Round "7"]
[White "Vaglio Mattey, Emanuel"]
[Black "Tang, Terrence"]
[Result "0-1"]
[WhiteElo "2142"]
[BlackElo "2106"]
[PlyCount "40"]
[EventDate "2024.09.10"]
[EventType "swiss (blitz)"]
[EventRounds "11"]
[EventCountry "USA"]
[SourceTitle "EXT 2025"]
[Source "ChessBase"]
[SourceDate "2024.10.14"]
[SourceVersion "1"]
[SourceVersionDate "2024.10.14"]
[SourceQuality "1"]

1. d4 Nf6 2. c4 c6 3. Nc3 d5 4. Nf3 g6 5. cxd5 Nxd5 6. e4 Nxc3 7. bxc3 Bg7 8. Bc4 0-0 9. 0-0 b5 10. Bb3 a5 11. a4 Ba6 12. Re1 c5 13. axb5 Bxb5 14. Rb1 c4 15. Ba2 Ba6 16. Qa4 Qc7 17. Ba3 Rc8 18. Bc5 e6 19. Bb6 Qc6 20. Qb4 axb4 0-1

[Event "Sydney-ch"]
[Site "Sydney"]
[Date "2024.07.09"]
[Round "7"]
[White "Tang, Terrence"]
[Black "Chen, Dean"]
[Result "1-0"]
[WhiteElo "2069"]
[BlackElo "1837"]
[PlyCount "79"]
[EventDate "2024.07.06"]
[EventType "swiss"]
[EventRounds "9"]
[EventCountry "AUS"]
[SourceTitle "CBM 221 Extra"]
[Source "ChessBase"]
[SourceDate "2024.09.30"]
[SourceVersion "1"]
[SourceVersionDate "2024.09.30"]
[SourceQuality "1"]

1. e4 c6 2. d4 d5 3. f3 Qb6 4. Nc3 dxe4 5. fxe4 e5 6. Nf3 exd4 7. Qxd4 Qxd4 8. Nxd4 Be6 9. Bf4 Nd7 10. 0-0-0 Ngf6 11. a3 Bc5 12. h3 0-0 13. g4 Nb6 14. Bg5 Be7 15. Be3 Bc5 16. Kb1 Nfd7 17. Be2 Bc4 18. Bxc4 Nxc4 19. Nf5 Nxe3 20. Rxd7 Nxf5 21. exf5 b5 22. Ne4 Bb6 23. Rd6 Rac8 24. Rhd1 Rfd8 25. c4 Bc7 26. Rd7 h6 27. Kc2 Rxd7 28. Rxd7 bxc4 29. Nd2 Bb6 30. Nxc4 f6 31. Kc3 c5 32. Rb7 Rc6 33. a4 Kh7 34. a5 Bc7 35. Rxa7 Bg3 36. Kb3 Bf2 37. Ka4 Rc8 38. Rb7 Bg3 39. a6 Ra8 40. Kb5 1-0

[Event "Sydney-ch"]
[Site "Sydney"]
[Date "2024.07.09"]
[Round "8"]
[White "Xie, George Wendi"]
[Black "Tang, Terrence"]
[Result "1-0"]
[WhiteElo "2340"]
[BlackElo "2069"]
[PlyCount "43"]
[EventDate "2024.07.06"]
[EventType "swiss"]
[EventRounds "9"]
[EventCountry "AUS"]
[SourceTitle "CBM 221 Extra"]
[Source "ChessBase"]
[SourceDate "2024.09.30"]
[SourceVersion "1"]
[SourceVersionDate "2024.09.30"]
[SourceQuality "1"]

1. e4 c5 2. Nc3 e6 3. Nf3 Nc6 4. Bb5 Nd4 5. Nxd4 cxd4 6. Ne2 e5 7. 0-0 Nf6 8. d3 a6 9. Ba4 b5 10. Bb3 Bc5 11. Bg5 Be7 12. Ng3 d6 13. a4 b4 14. a5 Rb8 15. Bd2 Be6 16. Ra4 Bxb3 17. cxb3 d5 18. f4 Nd7 19. exd5 Nc5 20. Rxb4 Rxb4 21. Bxb4 Qxd5 22. Nf5 1-0

[Event "Gold Coast op"]
[Site "Nerang"]
[Date "2024.07.01"]
[Round "9"]
[White "Renjith, Sravan"]
[Black "Tang, Terrence"]
[Result "1/2-1/2"]
[WhiteElo "2291"]
[BlackElo "2006"]
[PlyCount "57"]
[EventDate "2024.06.27"]
[EventType "swiss"]
[EventRounds "9"]
[EventCountry "AUS"]
[SourceTitle "EXT 2025"]
[Source "ChessBase"]
[SourceDate "2024.10.14"]
[SourceVersion "1"]
[SourceVersionDate "2024.10.14"]
[SourceQuality "1"]

1. Nf3 Nf6 2. g3 g6 3. b3 Bg7 4. Bb2 d5 5. c4 c6 6. Bg2 0-0 7. 0-0 Nbd7 8. d3 Qc7 9. Nc3 e5 10. cxd5 Nxd5 11. Nd2 Nxc3 12. Bxc3 Nb6 13. Rc1 Be6 14. a3 Rfd8 15. b4 a6 16. Ne4 Bd5 17. Nc5 Bxg2 18. Kxg2 Nd7 19. Qb3 Qb6 20. Qc4 Nxc5 21. bxc5 Qb5 22. Bd2 Qxc4 23. Rxc4 Rd4 24. Rfc1 Rad8 25. Be3 Rxc4 26. Rxc4 f6 27. f4 Kf7 28. Kf3 Ke6 29. Ke4 1/2-1/2

[Event "Gold Coast op"]
[Site "Nerang"]
[Date "2024.06.29"]
[Round "5"]
[White "Ooi, Jayden"]
[Black "Tang, Terrence"]
[Result "1/2-1/2"]
[WhiteElo "2117"]
[BlackElo "2006"]
[PlyCount "183"]
[EventDate "2024.06.27"]
[EventType "swiss"]
[EventRounds "9"]
[EventCountry "AUS"]
[SourceTitle "EXT 2025"]
[Source "ChessBase"]
[SourceDate "2024.10.14"]
[SourceVersion "1"]
[SourceVersionDate "2024.10.14"]
[SourceQuality "1"]

1. d4 Nf6 2. c3 d5 3. Bg5 e6 4. e3 c5 5. Nd2 Nc6 6. f4 cxd4 7. exd4 h6 8. Bh4 Bd6 9. Qf3 Bd7 10. Bd3 Ne7 11. g4 Qc7 12. Ne2 a6 13. Bg3 Bb5 14. Bxb5+ axb5 15. a3 Nd7 16. 0-0 h5 17. h3 hxg4 18. hxg4 Nb6 19. Kg2 Nc4 20. Nxc4 bxc4 21. Rh1 Kd7 22. f5 Bxg3 23. Nxg3 Qb6 24. Qf2 exf5 25. gxf5 Rxh1 26. Rxh1 g6 27. Rh6 Qf6 28. Qf4 Rg8 29. Kf3 Nxf5 30. Nxf5 Qxf5 31. Qxf5+ gxf5 32. Rb6 Kc7 33. Rf6 Rg1 34. Rxf7+ Kc6 35. Rf6+ Kd7 36. Rxf5 Ke6 37. Re5+ Kd6 38. Re2 Rf1+ 39. Kg4 Kd7 40. Rh2 Kd6 41. Kg5 Kc7 42. Kg6 Kc6 43. Kg7 Kc7 44. Rg2 Kd7 45. Kg6 Kc6 46. Kg5 Kb5 47. Re2 Ka4 48. Re7 b6 49. Re6 b5 50. Rd6 Rf2 51. Rxd5 Rxb2 52. Kf5 Rb3 53. Rc5 Rxc3 54. d5 Rxa3 55. d6 Rd3 56. Ke6 c3 57. d7 b4 58. Rd5 Rxd5 59. Kxd5 c2 60. d8Q c1Q 61. Qe8+ Ka3 62. Qa8+ Kb3 63. Kd4 Qd2+ 64. Kc5 Kb2 65. Qa5 Qc3+ 66. Kb5 b3 67. Qa8 Qd3+ 68. Kb4 Qd2+ 69. Kc4 Qe2+ 70. Kb4 Qe1+ 71. Kc4 Qc3+ 72. Kb5 Kb1 73. Qe4+ Ka2 74. Qd5 Ka1 75. Qd1+ Kb2 76. Qd5 Kc2 77. Qg2+ Qd2 78. Qc6+ Kb1 79. Qe4+ Ka1 80. Qh1+ Ka2 81. Qa8+ Kb1 82. Qe4+ Qc2 83. Qh1+ Qc1 84. Qe4+ Ka2 85. Qd5 Qf4 86. Ka5 Kb2 87. Kb5 Kc3 88. Qc6+ Kd2 89. Qd5+ Kc2 90. Qg2+ Qd2 91. Qc6+ Kb1 92. Qe4+ 1/2-1/2

[Event "Melbourne op"]
[Site "Melbourne"]
[Date "2024.04.05"]
[Round "5"]
[White "Tang, Terrence"]
[Black "Smith, Declan"]
[Result "1-0"]
[WhiteElo "1971"]
[BlackElo "1822"]
[PlyCount "67"]
[EventDate "2024.04.03"]
[EventType "swiss"]
[EventRounds "9"]
[EventCountry "AUS"]
[SourceTitle "CBM 219 Extra"]
[Source "ChessBase"]
[SourceDate "2024.05.31"]
[SourceVersion "1"]
[SourceVersionDate "2024.05.31"]
[SourceQuality "1"]

1. e4 c6 2. d4 d5 3. f3 e5 4. dxe5 Qb6 5. Nc3 Bc5 6. Na4 Bf2+ 7. Ke2 Qd4 8. Qxd4 Bxd4 9. exd5 cxd5 10. f4 f6 11. Nf3 Bg4 12. h3 Bxf3+ 13. gxf3 a6 14. Be3 Nc6 15. Bxd4 Nxd4+ 16. Kd3 Nxf3 17. Bg2 Nh4 18. Bxd5 Rd8 19. Nb6 Ne7 20. c4 fxe5 21. fxe5 Nhg6 22. Ke4 Nc6 23. e6 Ke7 24. Raf1 Nge5 25. Rf5 Kd6 26. b4 Nxb4 27. Rxe5 Nd3 28. Rf5 Nc5+ 29. Kd4 Nxe6+ 30. Bxe6 Kxe6+ 31. Rd5 Rhf8 32. Re1+ Kf6 33. Nd7+ Rxd7 34. Rxd7 1-0

[Event "Oceania zt 3.6"]
[Site "Melbourne"]
[Date "2023.01.23"]
[Round "1"]
[White "Liu, Yi"]
[Black "Tang, Terrence"]
[Result "1-0"]
[WhiteElo "2303"]
[BlackElo "1641"]
[PlyCount "79"]
[EventDate "2023.01.23"]
[EventType "swiss"]
[EventRounds "9"]
[EventCountry "AUS"]
[SourceTitle "CBM 212 Extra"]
[Source "ChessBase"]
[SourceDate "2023.03.31"]
[SourceVersion "1"]
[SourceVersionDate "2023.03.31"]
[SourceQuality "1"]

1. d4 d5 2. Nf3 Nf6 3. c3 e6 4. Bf4 c5 5. e3 Nc6 6. Nbd2 Bd6 7. Bd3 Bxf4 8. exf4 cxd4 9. cxd4 Qd6 10. g3 Qb4 11. Qb3 Qxb3 12. Nxb3 Ne4 13. Rc1 Nd6 14. h4 Bd7 15. h5 f6 16. a3 Rc8 17. Kd2 b6 18. Ba6 Rc7 19. Rc2 Bc8 20. Bd3 0-0 21. Rhc1 Bb7 22. a4 Rfc8 23. Bb5 Na5 24. Nxa5 Rxc2+ 25. Rxc2 bxa5 26. Bd3 Rxc2+ 27. Bxc2 Bc6 28. Kc3 Ne4+ 29. Bxe4 dxe4 30. Nd2 Bxa4 31. Nxe4 Kf7 32. Nd6+ Kf8 33. Nb7 h6 34. Nc5 Bd1 35. Nxe6+ Kf7 36. Nd8+ Ke8 37. Ne6 Kf7 38. d5 Bxh5 39. f5 g5 40. d6 1-0